书目信息 |
| 题名: |
战疫, 高扬的旗帜
|
|
| 作者: | 耿庆华 主编 | |
| 分册: | ||
| 出版信息: | 北京 北京出版社 2020.09 |
|
| 页数: | 415页 | |
| 开本: | 24cm | |
| 丛书名: | ||
| 单 册: | ||
| 中图分类: | I253.7 , R512.93 | |
| 科图分类: | ||
| 主题词: | 纪实文学--ji shi wen xue--作品集--中国--当代 , 新型冠状病毒肺炎--xin xing guan zhuang bing du fei yan--疫情管理--房山区 | |
| 电子资源: | ||
| ISBN: | 978-7-200-15860-1 | |
| 000 | 01145nam0 2200277 450 | |
| 001 | CAL 010381664 | |
| 005 | 20230217093111.0 | |
| 010 | @a978-7-200-15860-1@dCNY75.00 | |
| 100 | @a20211209d2020 em y0chiy0120 ea | |
| 101 | 0 | @achi |
| 102 | @aCN@b110000 | |
| 105 | @ay z 000zd | |
| 106 | @ar | |
| 200 | 1 | @a战疫, 高扬的旗帜@Azhan yi , gao yang de qi zhi@e房山区各级党组织和党员干部抗击新冠肺炎疫情纪实 |
| 210 | @a北京@c北京出版社@d2020.09 | |
| 215 | @a415页@d24cm | |
| 314 | @a书内题: 耿庆华主编 | |
| 330 | @a本书分为战疫有我、战疫堡垒、战疫先锋、组工战疫、战疫之歌五部分。从不同侧面记录了房山区上下、各条战线党员、干部、群众勇战疫情、敢于胜利的奋斗故事和感人点滴。 | |
| 517 | 1 | @a房山区各级党组织和党员干部抗击新冠肺炎疫情纪实@Afang shan qu ge ji dang zu zhi he dang yuan gan bu kang ji xin guan fei yan yi qing ji shi |
| 606 | 0 | @a纪实文学@Aji shi wen xue@x作品集@y中国@z当代 |
| 606 | 0 | @a新型冠状病毒肺炎@Axin xing guan zhuang bing du fei yan@x疫情管理@y房山区 |
| 690 | @aI253.7@v5 | |
| 690 | @aR512.93@v5 | |
| 701 | 0 | @a耿庆华@Ageng qing hua@4主编 |
| 801 | 0 | @aCN@bBJXHZP@c20230228 |
| 905 | @b1397419-22@dI253.7@e1222@f4 | |
| 战疫, 高扬的旗帜:房山区各级党组织和党员干部抗击新冠肺炎疫情纪实.-北京:北京出版社,2020.09 |
| 415页;24cm |
| ISBN 978-7-200-15860-1:CNY75.00 |
| 本书分为战疫有我、战疫堡垒、战疫先锋、组工战疫、战疫之歌五部分。从不同侧面记录了房山区上下、各条战线党员、干部、群众勇战疫情、敢于胜利的奋斗故事和感人点滴。 |
| ● |
| 相关链接 |
|
|
|
|
正题名:战疫, 高扬的旗帜
索取号:I253.7/1222
 
预约/预借
| 序号 | 登录号 | 条形码 | 馆藏地/架位号 | 状态 | 备注 |
| 1 | 1397419 | 213974190 | 第一样本阅览室/ [索取号:I253.7/1222] | 在馆 | |
| 2 | 1397420 | 213974207 | 第二借阅区/ [索取号:I253.7/1222] | 在馆 | |
| 3 | 1397421 | 213974216 | 第二借阅区/ [索取号:I253.7/1222] | 在馆 | |
| 4 | 1397422 | 213974225 | 第二借阅区/ [索取号:I253.7/1222] | 在馆 |